| 000 | 00511nam a2200181 a 4500 | ||
|---|---|---|---|
| 001 | 001001495 | ||
| 003 | AM-YeHGA | ||
| 005 | 20250617150442.0 | ||
| 008 | 140207s1948 ru r 000 0 rus d | ||
| 040 | _aAM-YeHGA | ||
| 041 | 0 | _arus | |
| 100 | 1 | _aВойнич, Этель Лилиан | |
| 245 | 1 | 0 |
_aОвод / _cЭ.Л. Войнич. |
| 260 |
_aЛенинград : _bМолодая гвардия, _c1948. |
||
| 300 | _a351 с. | ||
| 650 | 1 | 4 | _aАнглийская литература |
| 090 | _c333072 | ||
| 999 |
_c331307 _d331307 |
||